000 00857nam a2200253 i 4500
001 141690
003 ES-MaACL
005 20231227062636.0
007 t|
008 070926s1967 sp ||||1| spa d
245 0 0 _aDiccionario general ilustrado de la lengua española /
_cprólogo de Ramón Menéndez Pidal.
250 _a2ª ed.
_bcorregida y notablemente aumentada por... Samuel Gili Gaya.
260 _aBarcelona :
_bSpes y Box,
_c1967.
300 _aXXXIX, 1813 p. :
_bil. ;
_c25 cm.
490 1 _aVox
650 0 4 _aLengua española-
_vDiccionarios.
_914137
700 1 _aMenéndez Pidal, Ramón,
_d1869-1968
_980315
700 1 _aGili Gaya, Samuel.
_956938
830 0 _aVox
_9182574
852 _aES-MaACL
_jC-33120
_bR.64099
852 _aES-MaACL
_jC-33119
_bR.64100
852 _aES-MaACL
_jC-32970
_bR.63769
999 _c141690
_d141690